000 00683nam a2200193Ia 4500
008 240729s9999 xx 000 0 und d
022 _a1559-9620
245 0 _aInternational Journal of Optomechatronics
260 _aUnited Kingdom
260 _bTaylor & Francis Group
650 _a Applied optics. Photonics
650 _a Electrical engineering. Electronics. Nuclear engineering
650 _a Engineering (General). Civil engineering (General)
650 _a Materials of engineering and construction. Mechanics of materials | Technology
650 _aTechnology
856 _uhttps://doaj.org/toc/07bde01f8c6242ef912e88d61cc46cba
942 _2ddc
942 _cDOAJEJ
999 _c69166
_d69166
945 _a1
_bMadushi Gamage
_c1
_dMadushi Gamage